Rock and Roll by Letter B - Statistics

General Stats
  • This quiz has been taken 155 times
  • The average score is 9 of 15
Answer Stats
Hint Answer % Correct
Band named after a city in Massachusetts Boston
90%
Fab Four The Beatles
90%
Form of Rock and Roll performed by BB King, Robert Johnson and Muddy Waters Blues
87%
Back Up Band for Joan Jett the Blackhearts
64%
Type of guitar played by Entwhistle, Sting and Lemmy Bass
63%
His real name is David Robert Jones David Bowie
63%
Seventh studio album by ACDC Back in Black
62%
Band Members: Mike D, MCA and Ad-Rock Beastie Boys
60%
Ram Jam recorded this "Ebony Elizabeth" song Black Betty
57%
Song performed by Kiss's drummer Beth
53%
"Roll Over Beethoven" Chuck Berry
49%
Died in plane crash Feb. 3, 1959 The Big Bopper
49%
This frontman got his nickname from a hearing aid store! Bono
48%
Led Zeppelin drummer's nickname Bonzo
35%
Amy Winehouse tune Back to Black
33%
No matching quizzes found
Score Distribution
Percent of People with Each Score
Percentile by Number Answered
Your Score History
You have not taken this quiz